01759cam a22003614i 4500003000900000005001700009008004100026020001500067035002700082040003300109082002400142100002200166245007300188264004500261300003800306336002100344337002500365338002300390505083900413526001001252526001001262526001001272526001001282526000801292526000801300526000801308526000801316526000801324526000801332526000801340650003001348700001901378PE-LiUPU20250731173133.0150623s r 000 0 d a0829705643 a(Sirsi) i9780829705645 aPE-LiUPUbspacPE-LiUPUerda04a220.63bL9720012211 aLund, E.,eautor.10aHermenéutica - introducción bíblica /cE. Lund y P.C. Nelson. 1aMiami, Florida :bEditorial Vida,c1975. a182 páginas ;c22 centímetros atext2rdacontent aunmediated2rdamedia avolume2rdacarrier0 aImportancia de su estudio. Disposiciones necesarias para el estudio porvechoso de las escrituras. Observaciones generales en orden al lenguaje bíblico. Regla fundamental. Regla primera. Regla segunda. Regla tercera. Regla cuarta. Regla quinta (primera parte). Regla quinta (segunda parte). Regla qunta (tercera parte). Repetición y observaciones. Figuras retóricas (primera parte). Figuras retóricas (segunda parte). Figuras retóricas (tercera parte). Figuras retóricas (cuarte parte). Hebraísmos. Palabras simbólicas. Introducción bíblica. Una mirada al campo. La inspiración de la Biblia. La interpretación de la Biblia. El canon de las escrituras. Al arte de escribir sus materiales. Manuscritos y versiones de la Biblia. La historia judaica entre el A. T. y el N. T. ¿Qué vas a hacer con la carta?. aSEG42 aSEG41 aSEG40 aSEG39 aP94 aP87 aP86 aP85 aP77 aP76 aP3504aHermenéutica bíblica.1 aLuce, Alice E.